000 01287cam a22002174a 4500
005 20250605164327.0
008 250528s ||||||||||||||||||||||||d
035 _a23105
020 _a443048878
040 _aGR-AtMCL
_bgre
_dGR-AtMCL
_eAACR2
245 1 _aNeurological Physiotherapy / A Problem-Solving Approach
250 _a1st
260 _bChurchill Livingstone,
_c1996
300 _a212
520 _aThis book provides a problem solving approach to the management and treatment of people with neurological disability. Foreword, Preface, Introduction, Physiotherapy Approaches to the Treatment of Neurological Conditions A Historical Perspective, An Analysis of Normal Movement as the Basis for the Development of Treatment Techniques, Neuropsychological Problems and Solutions, Abnormal Tone and Movement as a Result of Neurological Impairment: Considerations for Treatment, General Principles of Treatment, Case Histories, Postural Management and Special Seating, Splinting and the use of orthoses in the management of patients with Neurological Disorders, Longer Term Management for Patients with Residual or Progressive Disability, Index.
700 1 _aEdwards Susan
_96610
700 1 _aThompson Alan J
_98659
942 _cBK
999 _c8135
_d8135